00233nam a2200085Ia 450000100070000000500170000700800410002424500600006526000220012564422620250826153600.0250824s9999 xx 000 0 und d 0aPOLYANNA GENÇLİK KLASİKLERİcELENOR H. PORTER bTİMAŞ ÇOCUK